| 000 | 00506nam a2200181 a 4500 | ||
|---|---|---|---|
| 005 | 20210223122059.0 | ||
| 008 | 991125s1977 mx 000 0 spa u | ||
| 035 | _aUPN01000029025 | ||
| 049 | _aCG | ||
| 050 | 4 | _aQH323.5 S6.38 | |
| 100 | 1 | _aSmith, J. Maynard | |
| 245 | 1 | 0 |
_aIdeas matemáticas en biología / _cJ. Maynard Smith ; tr. Andrés Sestier Bouclier |
| 260 |
_aMéxico : _bCECSA, _c1977 |
||
| 300 |
_a176 p. : _bil. |
||
| 650 | 4 |
_aBIOMATEMATICAS _94948 |
|
| 904 |
_aAC _b029026 |
||
| 905 | _aLibro | ||
| 999 |
_c29025 _d29025 |
||